000 00291nam a22001337a 4500
008 170411b xxu||||| |||| 00| 0 eng d
020 _a9781416572367
041 _aeng
080 _a618
100 _a10
101 _aSHM
245 _aYOU HAVING A BABY
_cROIZEN.M..F
942 _2udc
_cBK
999 _c10349
_d10349